The elevator family / (Record no. 110686)
[ view plain ]
| 000 -LEADER | |
|---|---|
| fixed length control field | 00544nam a2200169 a 4500 |
| 001 - CONTROL NUMBER | |
| control field | 4078 |
| 005 - DATE AND TIME OF LATEST TRANSACTION | |
| control field | 20140414131902.0 |
| 008 - FIXED-LENGTH DATA ELEMENTS--GENERAL INFORMATION | |
| fixed length control field | 081222s19uu xx 00 eng d |
| 020 ## - INTERNATIONAL STANDARD BOOK NUMBER | |
| International Standard Book Number | 0-439-69896-0 |
| 050 ## - LIBRARY OF CONGRESS CALL NUMBER | |
| Classification number | FIC |
| Item number | Ev1 2004 |
| 100 ## - MAIN ENTRY--PERSONAL NAME | |
| Personal name | Evans, Douglas, 1953- |
| 245 ## - TITLE STATEMENT | |
| Title | The elevator family / |
| Statement of responsibility, etc | Douglas Evans. |
| 260 ## - PUBLICATION, DISTRIBUTION, ETC. (IMPRINT) | |
| Place of publication, distribution, etc | New York : |
| Name of publisher, distributor, etc | Scholastic, |
| Date of publication, distribution, etc | 2004. |
| 300 ## - PHYSICAL DESCRIPTION | |
| Extent | 87 p. ; 24 cm. |
| 520 ## - SUMMARY, ETC. | |
| Summary, etc | The four members of the Wilson family decide to spend their holiday in one of the elevators at the San Francisco Hotel. |
| Withdrawn status | Lost status | Damaged status | Use restrictions | Home library | Current library | Shelving location | Date acquired | Source of acquisition | Cost, normal purchase price | Total Checkouts | Full call number | Barcode | Date last seen | Price effective from | Koha item type |
|---|---|---|---|---|---|---|---|---|---|---|---|---|---|---|---|
| Munich Library | Munich Library | Fiction Section | 12/22/2008 | 125.00 | FIC Ev1 2004 | M1153 | 04/14/2014 | 04/14/2014 | Books |